Statistiken für Rebusrätsel [1] - Worterkennung

Klicken Sie hier um das Quiz zu spielen!

Allgemein

  • Dieses Quiz wurde 13 mal gespielt
  • Das Durchschnittsergebnis liegt bei 9 aus 24

Antwortstatistiken

RebusWort% Korrekt
klug klug klug klug klug klug klug klug klugneunmalklug
90%
B = Nbegleichen
70%
st st stdreist
70%
eeeeeeeeeeeElfe
70%
tel tel tel telViertel
70%
SNEssen
60%
iiiiiisexy
60%
ZLZettel
60%
B͟͟r͟͟o͟t͟Brotaufstrich
40%
GGGang / Zweige
40%
B M&Nbevormunden
30%
kommen dadahinterkommen
30%
E |Estrich
30%
BKBank
20%
KTKante
20%
R&GGRundgang
20%
TtTante
20%
WCWanze / Zahnweh
20%
bTbBeamte
10%
N LForellen
10%
L ighinterlistig
10%
KLKamel
10%
StDSTStandesamt
10%
TA rTTeamarbeit
10%

Verteilung der Resultate

Perzentil nach korrekt beantworteten Fragen

Anzahl Personen mit jedem Resultat

Ihre Resultats-Entwicklung

Sie haben dieses Quiz noch nicht gespielt